Statistics for Ballon D'Or Top 3 Positions

Click here to take the quiz!

General Stats

  • This quiz has been taken 66 times
    (19 since last reset)
  • The average score is 43 of 114

Answer Stats

Answer% Correct
Cristiano Ronaldo
100%
Karim Benzema
100%
Lionel Messi
100%
Luka Modric
100%
Ronaldo
100%
Kylian Mbappé
94%
Virgil van Dijk
94%
Andres Iniesta
88%
Erling Haaland
88%
Fabio Cannavaro
88%
Kaka
88%
Neymar
88%
Xavi
88%
Manuel Neuer
82%
Robert Lewandowski
82%
Kevin de Bruyne
76%
Antoine Griezmann
71%
Franck Ribery
71%
Ronaldinho
71%
Andriy Shevchenko
65%
Jorginho
65%
Michael Owen
65%
Pavel Nedved
65%
Thierry Henry
65%
Zinedine Zidane
65%
Franz Beckenbauer
59%
Luis Suarez
59%
Paolo Maldini
59%
Sadio Mane
59%
George Weah
53%
Gigi Riva
53%
Johan Cruyff
53%
Lev Yashin
53%
Marco van Basten
53%
Michel Platini
53%
Rivaldo
53%
Alfredo Di Stefano
47%
Bobby Charlton
47%
Ferenc Puskas
47%
Frank Lampard
47%
Gerd Muller
47%
Luis Figo
47%
Roberto Baggio
47%
Gianluigi Buffon
41%
Hristo Stoichkov
41%
Jean-Pierre Papin
41%
Lothar Matthaus
41%
David Beckham
35%
Eusebio
35%
Fernando Torres
35%
Karl-Heinz Rummenigge
35%
Oliver Kahn
35%
Roberto Carlos
35%
Ruud Gullit
35%
Steven Gerrard
35%
Bobby Moore
29%
George Best
29%
Kevin Keegan
29%
Raul
29%
Raymond Kopa
29%
Davor Suker
24%
Denis Law
24%
Dennis Bergkamp
24%
Franco Baresi
24%
Frank Rijkaard
24%
Gianni Rivera
24%
Josef Masopust
24%
Matthias Sammer
24%
Paolo Rossi
24%
Stanley Matthews
24%
Alan Shearer
18%
Allan Simonsen
18%
Deco
18%
Dino Zoff
18%
Emilio Butragueno
18%
Eric Cantona
18%
Florian Albert
18%
Gary Lineker
18%
Igor Belanov
18%
Jari Litmanen
18%
Jean Tigana
18%
Jurgen Klinsmann
18%
Kenny Dalglish
18%
Oleg Blokhin
18%
Omar Sivori
18%
Paulo Futre
18%
Predrag Mijatovic
18%
Sandro Mazzola
18%
Alain Giresse
12%
Amancio
12%
Dejan Savicevic
12%
Giacinto Facchetti
12%
Just Fontaine
12%
Kazimierz Deyna
12%
Paul Breitner
12%
Uwe Seeler
12%
Zbigniew Boniek
12%
Andreas Brehme
6%
Bernd Schuster
6%
Billy Wright
6%
Dragan Dzajic
6%
Gunter Netzer
6%
Hans Krankl
6%
Helmut Rahn
6%
Ivo Viktor
6%
Jimmy Greaves
6%
Jimmy Johnstone
6%
John Charles
6%
Johnny Haynes
6%
Karl-Heinz Schnellinger
6%
Preben Elkjær
6%
Rob Rensenbrink
6%
Ruud Krol
6%
Salvatore Schillaci
6%

Score Distribution

Percentile by Number Answered

Percent of People with Each Score

Your Score History

You have not taken this quiz since the last reset